00755nam a2200205 i 450000100060000000300090000600500170001500700030003200800410003502000180007610000310009424501140012526000420023930000220028149000330030383000410033685200330037799900170041095201220042776305ES-MaACL20230906172808.0t|040930s1979 fr ||||1| fre d a2-02-005056-01 aGrosrichard, Alain.96016010aStructure du sérail b: la fiction du despotisme asiatique dans l'occident classique / cAlain Grosrichard. aParis : bEditions du Seuil, c[1979] a234 p. ; c19 cm.1 aConnexions du champ freudien0 aConnexions du champ freudien9231294 aES-MaACLjL-10933 bR.112786 c76305d76305 00104070aATENEOMbATENEOMcDEPO2d2008-01-17eSCl0oL-10933p1079855r2023-02-23 00:00:00w2023-02-23yMONOGRAFIA